1568 1332 1592 1797 1525 1466 1202 1068 1322 1597 1348 1191 1279 1646 1550 1449 1460 1075 1774 1623 1177 1973 1953 1256 1713 1298 1712 1057 1292 1154 1378 1960 1384 1889 1906 1457 1600 1463 1471 1827 1572 1245 1615 1275 1006 1749 1032 1222 1743 1575 1623 1732 1461 1776 1913 1115 1729 1769 1663 1250 1474 1054 1708 1924 1388 1098 1529 1234 1023 1922 1614 1422 1397 1686 1235 1730 1937 1216 1060 1095 1638 1460 1023 1157 1706 1985 1115 1662 1597 1572 1285 1541 1085 1866 1897 1596 1155 1701 1751 BCNSPRNW ULIB Ver.6.0+V

เปลี่ยนเป็นภาษาไทย

Change to English
 แสดงรายละเอียดบรรณานุกรม
  กลับหน้าหลัก

Brief Record : Get Marc (ISO 2709) : E-mail record : QR code < ปิดหน้าต่าง
LEADER : 00000nam 2200000uu 4500
001    13399126201
003     ULIB
008    180717s2551||||th 000 0 tha d
020    ^a9749297253
060 04 ^aWY152.5^bผ225ก
100 0  ^aผ่องพรรณ อรุณแสง
245 10 ^aการพยาบาลผู้ป่วยโรคหัวใจและหลอดเลือด /^cผ่องพรรณ อรุณแสง
250    ^aพิมพ์ครั้งที่ 5
260    ^aขอนแก่น :^bคณะพยาบาลศาสตร์ มหาวิทยาลัยขอนแก่น,^c2551
300    ^aก-ฐ, 393 หน้า :^bภาพประกอบ ;^c26 ซม.
650  7 ^aหัวใจร่วมหลอดเลือด, โรค^xการพยาบาล
650  7 ^aหลอดเลือด, โรค^xการพยาบาล
650  7 ^aหัวใจ, โรค^xการพยาบาล
710 2  ^aมหาวิทยาลัยขอนแก่น. ^bคณะพยาบาลศาสตร์
945    ^p250^l0^i025511
945    ^p250^l0^i025512
945    ^p250^l0^i025509
945    ^p250^l0^i025508
945    ^p250^l0^i025507
945    ^p250^l0^i025510
999    ^aประนอม เกษจรัล
รายการนี้ยังไม่มีแท็ก
คุณยังไม่ได้ล็อกอิน คุณสามารถมีกิจกรรมร่วมกับเว็บไซต์ได้ แต่ต้องล็อกอินก่อน ::
  ล็อกอิน

รายการสื่อสารสนเทศ

ลำดับที่ ประเภท เลขเรียก/บาร์โค้ด สถานที่ สถานะ
1. Book การพยาบาล
Book การพยาบาล
WY152.5 ผ225ก ฉ.10 
  Barcode: 025512
ห้องสมุดวิทยาเขตสวรรค์ประชารักษ์
►หนังสือทั่วไป
บนชั้น
2. Book การพยาบาล
Book การพยาบาล
WY152.5 ผ225ก ฉ.5 
  Barcode: 025507
ห้องสมุดวิทยาเขตสวรรค์ประชารักษ์
►หนังสือทั่วไป
บนชั้น
3. Book การพยาบาล
Book การพยาบาล
WY152.5 ผ225ก ฉ.6 
  Barcode: 025508
ห้องสมุดวิทยาเขตสวรรค์ประชารักษ์
►หนังสือทั่วไป
บนชั้น
4. Book การพยาบาล
Book การพยาบาล
WY152.5 ผ225ก ฉ.7 
  Barcode: 025509
ห้องสมุดวิทยาเขตสวรรค์ประชารักษ์
►หนังสือทั่วไป
บนชั้น
5. Book การพยาบาล
Book การพยาบาล
WY152.5 ผ225ก ฉ.8 
  Barcode: 025510
ห้องสมุดวิทยาเขตสวรรค์ประชารักษ์
►หนังสือทั่วไป
บนชั้น
6. Book การพยาบาล
Book การพยาบาล
WY152.5 ผ225ก ฉ.9 
  Barcode: 025511
ห้องสมุดวิทยาเขตสวรรค์ประชารักษ์
►หนังสือทั่วไป
บนชั้น

รายการใกล้เคียง
    ผู้แต่ง [ผ่องพรรณ อรุณแสง]

BibComment


ยังไม่เคยถูกคอมเมนท์

คอมเมนท์ทรัพยากรรายการนี้
  คอมเมนท์: การพยาบาลผู้ป่วย..


 Copyright 2026. Bcnsprnw @Library